|
|
|
|
| LEADER |
00740cam a2200229 i 4500 |
| 999 |
|
|
|c 279776
|d 279776
|
| 020 |
|
|
|a 0673152022
|
| 082 |
0 |
0 |
|a 158
|b COL
|
| 100 |
1 |
|
|a Coleman, James C
|
| 245 |
1 |
0 |
|a Contemporary Psychology and Effective Behavior:
|c James C Coleman
|
| 250 |
|
|
|a 4th ed.
|
| 260 |
|
|
|a Glenview, Ill. :
|b Scott, Foresman,
|c 1979
|
| 300 |
|
|
|a 493 p.:
|b ill. ;
|
| 500 |
|
|
|a Includes indexes.
|
| 504 |
|
|
|a Bibliography: p. [465]-473.
|
| 650 |
|
0 |
|a Psychology.
|
| 650 |
|
0 |
|a Adjustment (Psychology)
|
| 650 |
|
2 |
|a Adaptation, Psychological.
|
| 650 |
|
2 |
|a Behavior.
|
| 650 |
|
2 |
|a Personality.
|
| 942 |
|
|
|c BK
|
| 952 |
|
|
|0 0
|1 0
|4 0
|6 158_000000000000000_COL_C
|7 0
|8 NFIC
|9 298272
|a DEM
|b DEM
|d 2020-03-18
|l 0
|o 158 COL/C
|p DEM5270
|r 2020-03-18
|w 2020-03-18
|y BK
|